| 000 | 00963nam a2200205 i 4500 | ||
|---|---|---|---|
| 001 | 163760 | ||
| 003 | ES-MaACL | ||
| 005 | 20250713063723.0 | ||
| 008 | 991021s1881 sp |||| | spa d | ||
| 040 |
_aCCPB | B _bspa _cCCPB | B |
||
| 100 | 1 |
_aRodríguez de Berlanga, Manuel, _d1825-1909 _998441 |
|
| 245 | 1 | 4 |
_aLos bronces de Lascuta, Bonanza y Aljustrel / _cque publica Manuel Rodríguez de Berlanga. |
| 260 |
_aMálaga : _b[s.n.], _c1881 ( _fimprenta que fue de Don José Martínez de Aguilar, hoy de Don Ambrosio Rubio) |
||
| 300 |
_aXXI, 836 p., [3] map. pleg., [11] lám. pleg., [4] lám. : _bil. ; _c26 cm. |
||
| 650 | 4 |
_aInscripciones latinas- _zCádiz (Provincia) _9160634 |
|
| 650 | 4 |
_aInscripciones latinas- _zAljustrel. _9160635 |
|
| 651 | 4 |
_aEspaña- _xRestos arqueológicos. _98485 |
|
| 852 |
_aES-MaACL _jF-9632 _z-- Enc. pasta española _z-- Dedic. ms. del autor al Ateneo científico, literario y artístico |
||
| 999 |
_c163760 _d163760 |
||